El tío Willibrord /
El tío Willibrord es un hombretón muy alto y fortachón, y también un excéntrico. Su extraño modo de vestir encierra un misterio, lo mismo que su barba...y el miedo que siente por los perros El tío Willibrord es un hombretón muy alto y fortachón, y también un excéntrico. Muy serio y sensato unas vece...
Guardado en:
| Autor Principal: | |
|---|---|
| Formato: | Libro |
| Idioma: | Undetermined |
| Publicado: |
Madrid :
SM,
1997.
|
| Series: | El barco de vapor. Naranja ;
12 |
| Materias: | |
| Etiquetas: |
Agregar Etiqueta
Sin Etiquetas, Sea el primero en etiquetar este registro!
|
| LEADER | 01337nam a22002415a 4500 | ||
|---|---|---|---|
| 001 | CEM.cems019729 | ||
| 008 | 221012s1997####sp############000#0#und#d | ||
| 005 | 20221107105309.0 | ||
| 245 | 1 | 0 | |a El tío Willibrord / |c Jan Terlouw. |
| 260 | |a Madrid : |b SM, |c 1997. | ||
| 300 | |a 132 p. ; |c 20 cm. | ||
| 490 | 1 | |a El barco de vapor. Naranja ; |v 12 | |
| 520 | |a El tío Willibrord es un hombretón muy alto y fortachón, y también un excéntrico. Su extraño modo de vestir encierra un misterio, lo mismo que su barba...y el miedo que siente por los perros El tío Willibrord es un hombretón muy alto y fortachón, y también un excéntrico. Muy serio y sensato unas veces, otra es un valentón lleno de fanfarronería. Su extraño modo de vestir encierra un misterio, lo mismo que su barba...y el miedo que siente por los perros. No le importa meterse en la jaula de los leones ni juguetear con los tigres. | ||
| 020 | |a 8434810034 | ||
| 100 | 1 | |a Terlouw, Jan. | |
| 082 | 0 | 4 | |a 839.3137 |
| 653 | |a Literatura Infantil | ||
| 653 | |a Literatura Juvenil | ||
| 653 | |a Novela | ||
| 653 | |a Literatura Holandesa | ||
| 859 | |a CEMS |b BIB. CEMS - Inicial y Primaria |h 839.3137 |i T273 |k IP |p 1889 |t Ej.1 | ||
| 859 | |a CEMS |b BIB. CEMS - Inicial y Primaria |h 839.3137 |i T273 |k IP |p 1890 |t Ej.2 | ||
| 859 | |a CEMS |b BIB. CEMS - Inicial y Primaria |h 839.3137 |i T273 |k IP |p 1891 |t Ej.3 | ||
